000 00298nam a2200121Ia 4500
005 20260328104326.0
008 260328s9999||||xx |||||||||||||| ||und||
100 _aBrown, Edwin
245 0 _a20 Años de Arquitectura en Panamá /
_cEdwin Brown
300 _a41 p.
650 _aPANAMÁ
942 _cBK
999 _c11538
_d11538